Visualizzazione normale
Vista MARC
- History, Modern
di Topical Term
Records bibliografici associati: 1
001 - CONTROL NUMBER
- control field: 35840
003 - CONTROL NUMBER IDENTIFIER
- control field: IT-RoPau
005 - DATE AND TIME OF LATEST TRANSACTION
- control field: 20150822123533.0
008 - FIXED-LENGTH DATA ELEMENTS
- fixed length control field: 150822|| aca||aabn | a|a d
040 ## - CATALOGING SOURCE
- Original cataloging agency: IT-RoPau
- Transcribing agency: IT-RoPau
150 ## - HEADING--TOPICAL TERM
- Topical term or geographic name entry element: History, Modern
- Chronological subdivision: 1945-1989.
670 ## - SOURCE DATA FOUND
- Source citation: Work cat.: (IT-RoPau)0: Masina, Ettore. 35838, Un passo nella storia /, 1974.